000 00327pab a2200133 454500
008 180718b xxu||||| |||| 00| 0 eng d
100 _aSinha, Nishi
245 _aSickness in Small-Scale sector
650 _a Industry
650 _a Sickness
650 _aIndustry, Small - Scale
773 _aFinancial Express
909 _a21799
999 _c21799
_d21799